[Event "III Trofeo Antica Scuola Napoletana A"]
[Site "Napoli ITA"]
[Date "2014.12.04"]
[Round "1"]
[White "De Rosa, Francesco"]
[Black "Di Gennaro, Antonio"]
[WhiteElo "1919"]
[BlackElo "1668"]
[Result "1-0"]
[PlyCount "47"]
[EventDate "2014.12.04"]

1. e4 c5 2. Nf3 d6 3. d4 cxd4 4. Qxd4 a6 5. c4 Nc6 6. Qe3 Nf6 7. h3 g6 8. Nc3
Bg7 9. Bd3 O-O 10. b3 e6 11. Bb2 Re8 12. Rd1 Qc7 13. O-O h6 14. Bb1 Rb8 15. Nd4
Nh5 16. Nxc6 bxc6 17. g4 Nf6 18. Qd4 Rd8 19. c5 d5 20. f4 Nxe4 21. Qxg7+ Kxg7
22. Nxd5+ Kf8 23. Nxc7 Rxd1 24. Rxd1 1-0

[Event "III Trofeo Antica Scuola Napoletana A"]
[Site "Napoli ITA"]
[Date "2014.12.04"]
[Round "1"]
[White "Esposito, Rosario"]
[Black "Somma, Erminio"]
[WhiteElo "1807"]
[BlackElo "1511"]
[Result "1-0"]
[PlyCount "33"]
[EventDate "2014.12.04"]

1. d4 f5 2. c4 Nf6 3. Nf3 g6 4. g3 Bg7 5. Bg2 O-O 6. O-O d6 7. Nc3 c6 8. d5 c5
9. Qc2 Qe8 10. Rb1 e5 11. dxe6 Bxe6 12. Nb5 Qe7 13. Bf4 Rd8 14. Rfd1 Ne8 15.
Ng5 Bc8 16. Bd5+ Kh8 17. Nf7+ 1-0

[Event "III Trofeo Antica Scuola Napoletana A"]
[Site "Napoli ITA"]
[Date "2014.12.04"]
[Round "1"]
[White "Freda, Guido"]
[Black "Taurisano, Vincenzo"]
[WhiteElo "1630"]
[BlackElo "1887"]
[Result "0-1"]
[PlyCount "94"]
[EventDate "2014.12.04"]

1. d4 Nf6 2. c4 g6 3. Nf3 Bg7 4. Nc3 d6 5. Bg5 O-O 6. h3 Nbd7 7. e3 b6 8. Be2
Bb7 9. O-O Ne4 10. Nxe4 Bxe4 11. Bh4 c5 12. Ng5 Bb7 13. Nf3 Nf6 14. d5 b5 15.
Bxf6 Bxf6 16. Qc2 b4 17. Rad1 a5 18. a4 bxa3 19. bxa3 a4 20. Rb1 Qc7 21. Nd2
Bc8 22. Bd3 Bd7 23. Ne4 Bg7 24. Nc3 Be5 25. Nb5 Qc8 26. f4 Bf6 27. Qf2 Rb8 28.
Qc2 Bh4 29. Kh2 Ra8 30. Nc3 Bf6 31. Ne4 Bg7 32. Ng3 Qc7 33. h4 Rfb8 34. h5 Qa5
35. Ne2 Bg4 36. hxg6 hxg6 37. Rb5 Rxb5 38. cxb5 Bd7 39. Rb1 Rb8 40. Qc4 Qd2 41.
e4 Bg4 42. b6 Bxe2 43. Bxe2 Qxf4+ 44. g3 Qf2+ 45. Kh1 Be5 46. Rg1 Kg7 47. Rg2
Rh8+ 0-1

[Event "III Trofeo Antica Scuola Napoletana A"]
[Site "Napoli ITA"]
[Date "2014.12.04"]
[Round "1"]
[White "Schiappoli, Dario"]
[Black "Pellegrino, Carlo"]
[WhiteElo "1870"]
[BlackElo "1584"]
[Result "1-0"]
[PlyCount "61"]
[EventDate "2014.12.04"]

1. e4 d6 2. d4 Nf6 3. Nc3 Nbd7 4. Bc4 e5 5. Nf3 Be7 6. h3 O-O 7. Be3 c6 8. Qd3
b5 9. Bb3 b4 10. Ne2 a5 11. c4 Ba6 12. Qc2 Qc7 13. Ng3 Rfe8 14. O-O Bf8 15.
Rfd1 c5 16. dxe5 dxe5 17. Rd2 Bb7 18. Ba4 Red8 19. Rad1 Bc6 20. Bxc6 Qxc6 21.
Nxe5 Qc7 22. Nxd7 Nxd7 23. f4 Nb6 24. e5 Rxd2 25. Rxd2 Rd8 26. b3 Rxd2 27. Qxd2
Be7 28. Nf5 Nc8 29. Nxe7+ Qxe7 30. Qd5 Qh4 31. Bf2 1-0

[Event "III Trofeo Antica Scuola Napoletana A"]
[Site "Napoli ITA"]
[Date "2014.12.04"]
[Round "1"]
[White "Supino, Domenico"]
[Black "Ghiani, Marco"]
[WhiteElo "2040"]
[BlackElo "1699"]
[Result "1-0"]
[PlyCount "53"]
[EventDate "2014.12.04"]

1. d4 Nf6 2. Nf3 g6 3. g3 d5 4. Bg2 Bg7 5. c4 O-O 6. cxd5 Nxd5 7. O-O Nc6 8. e4
Nb6 9. d5 Na5 10. Nc3 e6 11. Bg5 Qe8 12. Re1 Nac4 13. Qc2 Nxb2 14. Rab1 N2c4
15. Nb5 Rb8 16. Bf1 Ne5 17. Nxe5 Bxe5 18. Bh6 Bd7 19. Bxf8 Qxf8 20. f4 Bxb5 21.
Bxb5 Bd6 22. dxe6 fxe6 23. Rbc1 a6 24. Bf1 Rd8 25. Qb3 Kf7 26. Bh3 Qe7 27. f5
1-0

[Event "III Trofeo Antica Scuola Napoletana A"]
[Site "Napoli ITA"]
[Date "2014.12.11"]
[Round "2"]
[White "Auletta, Angelo"]
[Black "De Rosa, Francesco"]
[WhiteElo "2154"]
[BlackElo "1919"]
[Result "1-0"]
[PlyCount "71"]
[EventDate "2014.12.04"]

1. e4 d6 2. d4 g6 3. Nc3 Bg7 4. Be3 Nf6 5. f3 O-O 6. Qd2 Nc6 7. O-O-O e5 8. d5
Ne7 9. g4 Bd7 10. Nge2 h5 11. gxh5 Nxh5 12. Ng3 Kh7 13. Kb1 f5 14. Nxh5 gxh5
15. exf5 Bxf5 16. Rg1 Qe8 17. Bd3 Qf7 18. Rg5 Rg8 19. Rdg1 Bh6 20. Rxg8 Rxg8
21. Rxg8 Bxe3 22. Qxe3 Qxg8 23. a4 a6 24. Ne4 Qg6 25. Qa7 Nxd5 26. Qxb7 Nf4 27.
Qxc7+ Kg8 28. Qd8+ Kg7 29. Qe7+ Kh6 30. Qf8+ Qg7 31. Qxf5 Qg1+ 32. Ka2 Qg8+ 33.
b3 Nxd3 34. cxd3 Qg2+ 35. Ka3 Qc2 36. Qg5+ 1-0

[Event "III Trofeo Antica Scuola Napoletana A"]
[Site "Napoli ITA"]
[Date "2014.12.11"]
[Round "2"]
[White "Baccelliere, Antonio"]
[Black "Lombardo, Michele"]
[WhiteElo "1698"]
[BlackElo "2080"]
[Result "0-1"]
[PlyCount "52"]
[EventDate "2014.12.04"]

1. d4 g6 2. e4 Bg7 3. Nf3 c6 4. c4 d5 5. Nc3 Nf6 6. cxd5 cxd5 7. e5 Ng8 8. Bb5+
Nc6 9. Qa4 Qd7 10. b3 Nh6 11. O-O O-O 12. Ba3 Rd8 13. Rac1 a6 14. Bxc6 bxc6 15.
Qb4 Bf8 16. e6 Qxe6 17. Rfe1 Qf6 18. Qb6 Bd7 19. Na4 Be8 20. Qb7 Nf5 21. Bc5
Nd6 22. Bxd6 Qxd6 23. Nb6 Rdb8 24. Qxa8 Rxa8 25. Nxa8 Qb8 26. Rc2 Qxa8 {...}
0-1

[Event "III Trofeo Antica Scuola Napoletana A"]
[Site "Napoli ITA"]
[Date "2014.12.11"]
[Round "2"]
[White "Di Gennaro, Antonio"]
[Black "Minopoli, Francesco"]
[WhiteElo "1668"]
[BlackElo "1741"]
[Result "1/2-1/2"]
[PlyCount "69"]
[EventDate "2014.12.04"]

1. e4 c5 2. Nf3 d6 3. d4 cxd4 4. Nxd4 Nf6 5. Nc3 g6 6. Be3 Bg7 7. f3 O-O 8. Qd2
Nc6 9. Bc4 Bd7 10. O-O-O Ne5 11. Bb3 Rc8 12. Kb1 Nc4 13. Bxc4 Rxc4 14. h4 h5
15. Nd5 Nxd5 16. exd5 Re8 17. g4 hxg4 18. h5 e5 19. dxe6 Bxe6 20. Nxe6 Rxe6 21.
hxg6 Rxg6 22. Qd5 Qc7 23. c3 g3 24. Rdg1 Rc5 25. Bxc5 Qxc5 26. Qxc5 dxc5 27.
Rg2 Be5 28. Rh5 f6 29. Kc2 Kg7 30. Kd3 Rh6 31. Rxh6 Kxh6 32. Rg1 Kg5 33. Ke4
Bb8 34. Kd3 Kf4 35. Ke2 1/2-1/2

[Event "III Trofeo Antica Scuola Napoletana A"]
[Site "Napoli ITA"]
[Date "2014.10.23"]
[Round "2"]
[White "Esposito, Rosario"]
[Black "Supino, Domenico"]
[WhiteElo "1807"]
[BlackElo "2040"]
[Result "1/2-1/2"]
[PlyCount "56"]
[EventDate "2014.12.04"]

1. d4 d5 2. c4 c6 3. Nf3 Nf6 4. Nc3 a6 5. e3 b5 6. cxd5 cxd5 7. Bd3 Bg4 8. e4
Nc6 9. e5 Nd7 10. Be3 e6 11. Rc1 Qb6 12. Be2 Be7 13. O-O O-O 14. Bd3 f5 15.
exf6 Nxf6 16. Bb1 Rac8 17. Ne2 Bxf3 18. gxf3 Bd6 19. Ng3 Qb8 20. Kh1 Bf4 21.
Rg1 Kh8 22. Qf1 Bxe3 23. fxe3 Qd6 24. Qh3 Ne7 25. Rxc8 Rxc8 26. Nh5 Nxh5 27.
Qxh5 h6 28. Qf7 Rg8 1/2-1/2

[Event "III Trofeo Antica Scuola Napoletana A"]
[Site "Napoli ITA"]
[Date "2014.12.11"]
[Round "2"]
[White "Ficco, Corrado"]
[Black "Buiano, Fabio"]
[WhiteElo "2038"]
[BlackElo "2104"]
[Result "1-0"]
[PlyCount "125"]
[EventDate "2014.12.04"]

1. e4 e5 2. Nf3 Nc6 3. Nc3 g6 4. d4 exd4 5. Nxd4 Bg7 6. Be3 Nf6 7. Nxc6 bxc6 8.
e5 Ng8 9. f4 Nh6 10. Be2 O-O 11. O-O d6 12. exd6 cxd6 13. Bd4 Re8 14. Bxg7 Kxg7
15. Qd4+ Kg8 16. Bf3 d5 17. Rae1 Ba6 18. Rxe8+ Qxe8 19. Rd1 Qe6 20. Qf2 Qf6 21.
g3 Re8 22. Qxa7 Bc8 23. Qd4 Qxd4+ 24. Rxd4 Bf5 25. Rd2 Re1+ 26. Kf2 Rc1 27. Ne2
Rxc2 28. Rxc2 Bxc2 29. Nd4 Bb1 30. Nxc6 Bxa2 31. Nb4 Bc4 32. Bxd5 Bb5 33. Bc6
Bc4 34. Bd7 Kf8 35. Nc6 Ng8 36. Ne5 Bb3 37. Bb5 f6 38. Nd7+ Ke7 39. Nc5 Bd5 40.
Ke3 Nh6 41. Kd4 Bg2 42. Bd7 Nf7 43. b4 Nd6 44. b5 h6 45. Bc6 Nf5+ 46. Kc4 Bxc6
47. bxc6 Kd6 48. Ne4+ Kxc6 49. Nxf6 Kd6 50. Kd3 Ke6 51. Ne4 Ne7 52. Ke3 Kf5 53.
Kf3 Nd5 54. g4+ Ke6 55. h4 Ne7 56. Ng3 Kf6 57. Ke4 g5 58. Nh5+ Kg6 59. hxg5
hxg5 60. f5+ Nxf5 61. gxf5+ Kxh5 62. Ke5 g4 63. f6 1-0

[Event "III Trofeo Antica Scuola Napoletana A"]
[Site "Napoli ITA"]
[Date "2014.12.11"]
[Round "2"]
[White "Ghiani, Marco"]
[Black "Freda, Guido"]
[WhiteElo "1699"]
[BlackElo "1630"]
[Result "0-1"]
[PlyCount "54"]
[EventDate "2014.12.04"]

1. d4 d5 2. c4 e6 3. Nc3 Nf6 4. Bg5 Be7 5. e3 O-O 6. Nf3 c5 7. cxd5 exd5 8. Bd3
Bg4 9. Qc2 g6 10. Ne5 Be6 11. Bh6 Re8 12. h4 c4 13. Be2 Bf5 14. Qd1 Nfd7 15.
Nxd7 Qxd7 16. g4 Be4 17. Bf3 Bb4 18. h5 Qe6 19. Bxe4 Qxe4 20. f3 Qe7 21. Kf2
Bxc3 22. bxc3 g5 23. e4 dxe4 24. fxe4 Qf6+ 25. Qf3 Qxh6 26. Kg2 Qe6 27. Rae1
Nd7 0-1

[Event "III Trofeo Antica Scuola Napoletana A"]
[Site "Napoli ITA"]
[Date "2014.12.11"]
[Round "2"]
[White "Pellegrino, Carlo"]
[Black "Angelotti, Mario"]
[WhiteElo "1584"]
[BlackElo "1716"]
[Result "0-1"]
[PlyCount "92"]
[EventDate "2014.12.04"]

1. d4 Nf6 2. Nf3 d5 3. Bf4 g6 4. e3 Bg7 5. Be2 Nbd7 6. c3 Nh5 7. Bg3 Nxg3 8.
hxg3 e5 9. dxe5 Nxe5 10. Nxe5 Bxe5 11. f4 Bg7 12. Nd2 Qe7 13. Kf2 c6 14. Qc2
Be6 15. Rac1 O-O-O 16. Nb3 Bf5 17. Bd3 Bg4 18. Be2 Bf5 19. Bd3 Bd7 20. Rhe1 h5
21. Rh1 h4 22. gxh4 Rxh4 23. Rxh4 Qxh4+ 24. g3 Qh2+ 25. Ke1 Qg1+ 26. Bf1 Qxe3+
27. Qe2 Qxg3+ 28. Kd2 Re8 29. Qxe8+ Bxe8 30. Re1 Qxf4+ 31. Kd1 Bd7 32. Nc5 Bh6
33. Re8+ Bxe8 34. Bh3+ Kc7 35. Kc2 Qf2+ 36. Kb3 Qxc5 37. a4 f5 38. Bxf5 gxf5
39. a5 Qc4+ 40. Kc2 Bg6 41. b3 f4+ 42. Kb2 Qf1 43. a6 Qb1+ 44. Ka3 Bf8+ 45. b4
Bc2 46. axb7 Qb3# 0-1

[Event "III Trofeo Antica Scuola Napoletana A"]
[Site "Napoli ITA"]
[Date "2014.12.11"]
[Round "2"]
[White "Zinnai, Graziano Matteo"]
[Black "Schiappoli, Dario"]
[WhiteElo "2063"]
[BlackElo "1870"]
[Result "1-0"]
[PlyCount "69"]
[EventDate "2014.12.04"]

1. e4 c5 2. c4 d6 3. Ne2 Bg4 4. h3 Bd7 5. g3 Nc6 6. Bg2 g6 7. O-O Bg7 8. Nbc3
Qc8 9. Kh2 h5 10. f4 Nh6 11. d3 h4 12. gxh4 Bf6 13. h5 Ng4+ 14. hxg4 Bxg4 15.
Be3 Rxh5+ 16. Kg1 Nd4 17. Qd2 Bxe2 18. Nxe2 Qg4 19. Nxd4 cxd4 20. Bf2 O-O-O 21.
Rfc1 Rdh8 22. Kf1 e5 23. Bg1 exf4 24. Qf2 Qe6 25. Bf3 Rg5 26. Ke2 Rh3 27. Bh2
Be5 28. Rg1 Qe7 29. Rxg5 Qxg5 30. Rg1 Qh6 31. Bg4+ f5 32. Bxh3 Qxh3 33. Bxf4
fxe4 34. dxe4 d3+ 35. Kd2 1-0

[Event "III Trofeo Antica Scuola Napoletana A"]
[Site "Napoli ITA"]
[Date "2014.12.18"]
[Round "3"]
[White "Buiano, Fabio"]
[Black "Solombrino, Giovanni"]
[WhiteElo "2104"]
[BlackElo "1844"]
[Result "1-0"]
[PlyCount "73"]
[EventDate "2014.12.04"]

1. e4 c5 2. Nc3 Nc6 3. f4 d6 4. Nf3 g6 5. Bb5 Bd7 6. O-O Bg7 7. d3 Nf6 8. Bxc6
Bxc6 9. Qe1 O-O 10. Qh4 e6 11. f5 Nd7 12. Qh3 exf5 13. Bh6 Bxh6 14. Qxh6 Qf6
15. exf5 Rae8 16. Ng5 Qg7 17. Qh4 Qd4+ 18. Qxd4 cxd4 19. Nce4 Bxe4 20. Nxe4 d5
21. Nd6 Re2 22. Rf2 Rxf2 23. Kxf2 Ne5 24. Re1 f6 25. Nb5 Re8 26. h3 Re7 27.
Nxd4 Nc6 28. Nxc6 Rxe1 29. Kxe1 bxc6 30. fxg6 hxg6 31. Kf2 Kf7 32. Ke3 Ke6 33.
Kd4 Kd6 34. b4 f5 35. c4 dxc4 36. dxc4 a6 37. a4 1-0

[Event "III Trofeo Antica Scuola Napoletana A"]
[Site "Napoli ITA"]
[Date "2014.12.18"]
[Round "3"]
[White "De Lucia, Alfredo"]
[Black "Esposito, Rosario"]
[WhiteElo "1544"]
[BlackElo "1807"]
[Result "1-0"]
[PlyCount "73"]
[EventDate "2014.12.04"]

1. e4 c5 2. c3 d5 3. exd5 Qxd5 4. Na3 Nc6 5. Nb5 Qd8 6. Nf3 a6 7. Na3 e6 8. Be2
Nf6 9. O-O Be7 10. Nc2 e5 11. d3 O-O 12. Bg5 Nd5 13. Bxe7 Qxe7 14. Re1 Qc7 15.
c4 Nf4 16. Bf1 Bg4 17. Ne3 Bxf3 18. Qxf3 Nb4 19. Red1 Rad8 20. g3 Ne6 21. Rd2
Nd4 22. Qd1 Qb8 23. a3 Nbc6 24. Bg2 Na5 25. Qg4 Nab3 26. Rad1 Nxd2 27. Rxd2 b6
28. Be4 g6 29. Nd5 Rd6 30. Qg5 Rxd5 31. Bxd5 Qe8 32. Qf6 Nb3 33. Rd1 Qa4 34.
Qxe5 Nd4 35. Re1 Qc2 36. Qf6 Qxb2 37. Bxf7+ 1-0

[Event "III Trofeo Antica Scuola Napoletana A"]
[Site "Napoli ITA"]
[Date "2014.12.18"]
[Round "3"]
[White "De Rosa, Francesco"]
[Black "Angelotti, Mario"]
[WhiteElo "1919"]
[BlackElo "1716"]
[Result "1-0"]
[PlyCount "95"]
[EventDate "2014.12.04"]

1. e4 e5 2. Nf3 Nf6 3. Nc3 Bb4 4. Bc4 O-O 5. d3 Bxc3+ 6. bxc3 d6 7. O-O Be6 8.
Bxe6 fxe6 9. c4 Qe8 10. c5 Nbd7 11. cxd6 cxd6 12. Ba3 Qe7 13. Qb1 Nc5 14. Bxc5
dxc5 15. Nxe5 Rad8 16. a4 Qc7 17. f4 Nd7 18. Qb3 Nxe5 19. fxe5 Qxe5 20. Qxb7
Qd4+ 21. Kh1 Rxf1+ 22. Rxf1 Rf8 23. Rxf8+ Kxf8 24. Qb8+ Kf7 25. Qxa7+ Kf6 26.
h3 Qf2 27. Qc7 Qxc2 28. Qd8+ Kf7 29. Qd7+ Kf6 30. Kh2 Qc3 31. h4 Qe5+ 32. Kh3
h5 33. Qd8+ Kf7 34. a5 Qf4 35. Qg5 Qf1 36. Qxh5+ Kg8 37. Qe8+ Kh7 38. Qd8 Qh1+
39. Kg3 Qe1+ 40. Kh2 c4 41. a6 c3 42. a7 c2 43. a8=Q c1=Q 44. Qh8+ Kg6 45.
Qae8+ Kf6 46. Qhf8+ Ke5 47. Qxg7+ Kf4 48. Qg5# 1-0

[Event "III Trofeo Antica Scuola Napoletana A"]
[Site "Napoli ITA"]
[Date "2014.12.18"]
[Round "3"]
[White "Freda, Guido"]
[Black "Di Gennaro, Antonio"]
[WhiteElo "1630"]
[BlackElo "1668"]
[Result "0-1"]
[PlyCount "52"]
[EventDate "2014.12.04"]

1. d4 d5 2. c4 e6 3. Nf3 Nf6 4. e3 c6 5. Nc3 Nbd7 6. cxd5 exd5 7. Bd3 Bd6 8.
O-O O-O 9. e4 dxe4 10. Nxe4 Nxe4 11. Bxe4 Nf6 12. Bd3 Bg4 13. h3 Bh5 14. Re1
Qc7 15. Be2 Rfe8 16. Be3 Nd5 17. Bd2 Bb4 18. Bxb4 Nxb4 19. Ne5 Bxe2 20. Rxe2
Qe7 21. Kf1 Rad8 22. Nxc6 Qxe2+ 23. Qxe2 Rxe2 24. Kxe2 Nxc6 25. Ke3 Rxd4 26.
Rc1 Rd8 0-1

[Event "III Trofeo Antica Scuola Napoletana A"]
[Site "Napoli ITA"]
[Date "2014.12.18"]
[Round "3"]
[White "Lombardo, Michele"]
[Black "Schiappoli, Dario"]
[WhiteElo "2080"]
[BlackElo "1870"]
[Result "1-0"]
[PlyCount "49"]
[EventDate "2014.12.04"]

1. e4 c5 2. Nc3 Nc6 3. g3 g6 4. d3 Bg7 5. Be3 d6 6. Bg2 e6 7. Qd2 Rb8 8. Nge2
Nd4 9. g4 b5 10. Ng3 Qa5 11. f4 b4 12. Nd1 Ne7 13. c3 Nb3 14. axb3 Qxa1 15. O-O
Qa5 16. f5 bxc3 17. bxc3 Nc6 18. Bh6 Be5 19. Qf2 Qc7 20. Ne2 Ba6 21. Nc1 gxf5
22. exf5 Rg8 23. fxe6 fxe6 24. Bxc6+ Kd8 25. Bg5+ 1-0

[Event "III Trofeo Antica Scuola Napoletana A"]
[Site "Napoli ITA"]
[Date "2014.12.18"]
[Round "3"]
[White "Minopoli, Francesco"]
[Black "Ghiani, Marco"]
[WhiteElo "1741"]
[BlackElo "1699"]
[Result "0-1"]
[PlyCount "71"]
[EventDate "2014.12.04"]

1. Nf3 g6 2. g3 Bg7 3. Bg2 Nf6 4. O-O O-O 5. d3 d5 6. Nbd2 c5 7. Rb1 Nc6 8. Re1
e6 9. e4 Re8 10. e5 Nd7 11. Nb3 Ncxe5 12. d4 Nxf3+ 13. Bxf3 b6 14. Bf4 Bb7 15.
c3 Rc8 16. h4 cxd4 17. cxd4 e5 18. dxe5 Nxe5 19. Bg2 Qd7 20. Nd4 Nc6 21. Rxe8+
Rxe8 22. Nxc6 Bxc6 23. b3 d4 24. Qd2 Bxg2 25. Kxg2 Qc6+ 26. Kg1 Qc3 27. Rd1 Qf3
28. Qd3 Qxd3 29. Rxd3 Re2 30. a4 Rc2 31. Bd2 a6 32. Kf1 Kf8 33. Ke1 Ke7 34. Kd1
Rc6 35. Bc1 Rc3 36. Kd2 0-1

[Event "III Trofeo Antica Scuola Napoletana A"]
[Site "Napoli ITA"]
[Date "2014.12.18"]
[Round "3"]
[White "Pellegrino, Carlo"]
[Black "Somma, Erminio"]
[WhiteElo "1584"]
[BlackElo "1511"]
[Result "1-0"]
[PlyCount "43"]
[EventDate "2014.12.04"]

1. Nf3 Nf6 2. d4 d5 3. e3 g6 4. c4 c6 5. Nc3 Bg7 6. Be2 O-O 7. O-O Nbd7 8. b3
Qc7 9. Ba3 Re8 10. Rc1 e5 11. cxd5 Nxd5 12. Nxd5 cxd5 13. Rxc7 e4 14. Ne5 Nxe5
15. dxe5 Bxe5 16. Qxd5 Bxc7 17. Bc4 Be6 18. Qxb7 Bxc4 19. bxc4 Rac8 20. f3 Red8
21. fxe4 Bb6 22. Qxf7+ 1-0

[Event "III Trofeo Antica Scuola Napoletana A"]
[Site "Napoli ITA"]
[Date "2014.12.18"]
[Round "3"]
[White "Supino, Domenico"]
[Black "Ficco, Corrado"]
[WhiteElo "2040"]
[BlackElo "2038"]
[Result "0-1"]
[PlyCount "88"]
[EventDate "2014.12.04"]

1. Nf3 g6 2. g3 b6 3. Bg2 Bb7 4. d4 Bg7 5. O-O d6 6. c4 e6 7. Nc3 Ne7 8. e4 Nd7
9. Be3 h6 10. Qc2 a6 11. Rad1 O-O 12. h3 Qb8 13. b4 c6 14. c5 d5 15. Bf4 Qd8
16. Bd6 Re8 17. Rfe1 dxe4 18. Nxe4 Nd5 19. Qb3 f5 20. Ned2 b5 21. Re2 a5 22. a3
axb4 23. axb4 Ra4 24. Qd3 Nxb4 25. Qb1 Nd5 26. Nb3 Nc3 27. Qd3 Nxe2+ 28. Qxe2
Kh7 29. Re1 Rb4 30. Qd3 Ra4 31. h4 Nf6 32. Ne5 Nd5 33. Bxd5 exd5 34. h5 Bxe5
35. hxg6+ Kxg6 36. Bxe5 Ra3 37. Qd1 Bc8 38. Kg2 Qg5 39. Rh1 Rxe5 40. dxe5 f4
41. Kf1 fxg3 42. fxg3 Bg4 43. Qc2+ Bf5 44. Qb2 Rxb3 0-1

[Event "III Trofeo Antica Scuola Napoletana A"]
[Site "Napoli ITA"]
[Date "2014.12.18"]
[Round "3"]
[White "Taurisano, Vincenzo"]
[Black "Buonanno, Raffaele"]
[WhiteElo "1887"]
[BlackElo "1689"]
[Result "1-0"]
[PlyCount "49"]
[EventDate "2014.12.04"]

1. Nc3 Nf6 2. e4 d6 3. d4 g6 4. Nf3 Bg7 5. Bc4 O-O 6. O-O Nxe4 7. Bxf7+ Rxf7 8.
Nxe4 Rf8 9. c3 Bg4 10. Qb3+ d5 11. Ne5 Bc8 12. Bg5 c6 13. Ng3 Qc7 14. Rae1 Re8
15. Qc2 Nd7 16. Nxg6 e5 17. Nxe5 Nxe5 18. dxe5 Bxe5 19. f4 Qg7 20. Bh4 Qh6 21.
Bg5 Qg7 22. Bd8 Rxd8 23. Rxe5 Qc7 24. Rfe1 Bd7 25. Re7 1-0

[Event "III Trofeo Antica Scuola Napoletana A"]
[Site "Napoli ITA"]
[Date "2014.12.18"]
[Round "3"]
[White "Zinnai, Graziano Matteo"]
[Black "Auletta, Angelo"]
[WhiteElo "2063"]
[BlackElo "2154"]
[Result "1/2-1/2"]
[PlyCount "71"]
[EventDate "2014.12.04"]

1. e4 e5 2. Nf3 Nc6 3. Bb5 a6 4. Ba4 d6 5. c3 Nf6 6. Bc2 g6 7. O-O Bg7 8. d3
O-O 9. Nbd2 d5 10. d4 exd4 11. e5 d3 12. Ba4 Ng4 13. Bxc6 bxc6 14. Re1 Re8 15.
Nb3 Nxe5 16. Bf4 f6 17. h3 Bf5 18. Nfd4 Bd7 19. Nc5 Qe7 20. b4 a5 21. a3 axb4
22. axb4 Qf7 23. Rxa8 Rxa8 24. Nxd3 Re8 25. Nc5 g5 26. Bg3 f5 27. f4 gxf4 28.
Bxf4 Ng6 29. Bxc7 f4 30. Bd6 Bxd4+ 31. cxd4 Rxe1+ 32. Qxe1 f3 33. Nxd7 Qxd7 34.
Qg3 fxg2 35. Kxg2 Qf5 36. Qg4 1/2-1/2

[Event "III Trofeo Antica Scuola Napoletana A"]
[Site "Napoli ITA"]
[Date "2015.01.08"]
[Round "4"]
[White "Angelotti, Mario"]
[Black "Freda, Guido"]
[WhiteElo "1716"]
[BlackElo "1630"]
[Result "1/2-1/2"]
[PlyCount "106"]
[EventDate "2014.12.04"]

1. e4 c5 2. Nc3 d6 3. f4 Nf6 4. Nf3 Nc6 5. Bc4 Bg4 6. O-O g6 7. h3 Bxf3 8. Rxf3
Nd4 9. Rf1 Bg7 10. d3 O-O 11. a4 a6 12. Be3 Nh5 13. f5 Qd7 14. Nd5 Qd8 15. Bg5
Nf6 16. c3 Nc6 17. fxg6 hxg6 18. Nf4 Ne5 19. Ba2 Qb6 20. Rf2 Rac8 21. a5 Qc7
22. d4 Nxe4 23. Bxe7 Rfe8 24. dxe5 Nxf2 25. Kxf2 Qxe7 26. Nxg6 Qg5 27. Qg4 Qxg4
28. hxg4 dxe5 29. Rf1 c4 30. Nh4 Re6 31. Nf5 Kf8 32. Bb1 Rc5 33. Rd1 Rc8 34.
Be4 Rb8 35. Rd7 b6 36. Bd5 Rf6 37. axb6 Ke8 38. Re7+ Kf8 39. Rxe5 Rbxb6 40.
Bxc4 Rxb2+ 41. Kg3 Rc6 42. Rd5 Bf6 43. Bd3 Rxc3 44. Kf3 a5 45. Ke4 Rb4+ 46. Kf3
a4 47. Nd6 Be7 48. Ne4 Rc1 49. Ra5 Kg7 50. Ra7 Bf6 51. g5 Bd4 52. Ra6 Bb2 53.
Nf2 a3 1/2-1/2

[Event "III Trofeo Antica Scuola Napoletana A"]
[Site "Napoli ITA"]
[Date "2015.01.08"]
[Round "4"]
[White "Auletta, Angelo"]
[Black "De Lucia, Alfredo"]
[WhiteElo "2154"]
[BlackElo "1544"]
[Result "1-0"]
[PlyCount "49"]
[EventDate "2014.12.04"]

1. e4 e5 2. Nf3 Nc6 3. d4 exd4 4. Nxd4 Nxd4 5. Qxd4 d6 6. Nc3 Nf6 7. Bg5 Be7 8.
O-O-O O-O 9. Bc4 Be6 10. Bxe6 fxe6 11. e5 dxe5 12. Qxe5 Qc8 13. f3 Bd6 14. Qe2
a6 15. g3 h6 16. Bxf6 gxf6 17. Rhe1 Kf7 18. Rd4 Re8 19. Rh4 Bf8 20. f4 Bg7 21.
Qh5+ Ke7 22. Qg6 Rg8 23. Nd5+ Kd6 24. Nxf6 Bxf6 25. Qxf6 1-0

[Event "III Trofeo Antica Scuola Napoletana A"]
[Site "Napoli ITA"]
[Date "2015.01.08"]
[Round "4"]
[White "Di Gennaro, Antonio"]
[Black "Supino, Domenico"]
[WhiteElo "1668"]
[BlackElo "2040"]
[Result "0-1"]
[PlyCount "76"]
[EventDate "2014.12.04"]

1. e4 c5 2. Nf3 e6 3. d4 cxd4 4. Nxd4 Nc6 5. Nc3 Qb6 6. Nb3 a6 7. Be2 Qc7 8.
Be3 Nf6 9. f4 d6 10. O-O b5 11. a3 Bb7 12. Bf3 Be7 13. Kh1 Nd7 14. Qe1 Nb6 15.
Nd2 Na5 16. Qg3 g6 17. Bd4 O-O 18. b3 Nc6 19. Bxb6 Qxb6 20. Qf2 Qxf2 21. Rxf2
Bf6 22. Ndb1 Rac8 23. Ra2 b4 24. axb4 Nxb4 25. Ra4 Bxc3 26. Nxc3 Nd3 27. cxd3
Rxc3 28. h3 Rxb3 29. Rd4 Rd8 30. Rc2 Rd7 31. Kh2 Kf8 32. Kg3 Ke7 33. Kh4 f6 34.
g4 e5 35. fxe5 fxe5 36. Rdc4 Rxd3 37. Be2 Re3 38. Bf1 Bxe4 0-1

[Event "III Trofeo Antica Scuola Napoletana A"]
[Site "Napoli ITA"]
[Date "2015.01.08"]
[Round "4"]
[White "Ficco, Corrado"]
[Black "Zinnai, Graziano Matteo"]
[WhiteElo "2038"]
[BlackElo "2063"]
[Result "0-1"]
[PlyCount "42"]
[EventDate "2014.12.04"]

1. e4 c5 2. Nf3 a6 3. c4 Nc6 4. d4 cxd4 5. Nxd4 Nf6 6. Nc3 e5 7. Nxc6 bxc6 8.
Bd3 Bc5 9. O-O d6 10. Bg5 h6 11. Bh4 g5 12. Bg3 h5 13. h3 h4 14. Bh2 g4 15.
hxg4 Nxg4 16. Be2 Qg5 17. Qd3 Rg8 18. Bf3 Nxh2 19. Kxh2 h3 20. gxh3 Bxh3 21.
Rg1 Qf4+ 0-1

[Event "III Trofeo Antica Scuola Napoletana A"]
[Site "Napoli ITA"]
[Date "2015.01.08"]
[Round "4"]
[White "Ghiani, Marco"]
[Black "Pellegrino, Carlo"]
[WhiteElo "1699"]
[BlackElo "1584"]
[Result "1-0"]
[PlyCount "107"]
[EventDate "2014.12.04"]

1. d4 d5 2. c4 c6 3. cxd5 cxd5 4. Nc3 Nf6 5. Nf3 Nc6 6. Bf4 a6 7. h3 e6 8. e3
Qa5 9. a3 Qd8 10. Be2 Bd6 11. Bxd6 Qxd6 12. O-O O-O 13. Rc1 Re8 14. Qb3 b5 15.
Rfd1 Bb7 16. Rd2 Na5 17. Qd1 Nc4 18. Bxc4 dxc4 19. Qc2 Bxf3 20. gxf3 Qd7 21.
Ne4 Qd5 22. Nxf6+ gxf6 23. Qe4 Kh8 24. Qxd5 exd5 25. Re1 Rg8+ 26. Kh2 Rg6 27.
Rg1 Rag8 28. Rxg6 fxg6 29. e4 Re8 30. Re2 dxe4 31. fxe4 a5 32. f3 b4 33. axb4
axb4 34. Rc2 c3 35. bxc3 b3 36. Rb2 Rb8 37. Kg3 Kg7 38. c4 Rb4 39. c5 Rxd4 40.
Rxb3 Rc4 41. Rb7+ Kh6 42. Rc7 f5 43. e5 Kg5 44. Rxh7 f4+ 45. Kf2 Rc2+ 46. Ke1
Rxc5 47. Re7 Rc1+ 48. Kd2 Rh1 49. Rg7 Rxh3 50. Ke2 Rh2+ 51. Kd3 Rh1 52. e6 Re1
53. e7 Re3+ 54. Kd4 1-0

[Event "III Trofeo Antica Scuola Napoletana A"]
[Site "Napoli ITA"]
[Date "2015.01.08"]
[Round "4"]
[White "Lombardo, Michele"]
[Black "Taurisano, Vincenzo"]
[WhiteElo "2080"]
[BlackElo "1887"]
[Result "1/2-1/2"]
[PlyCount "59"]
[EventDate "2014.12.04"]

1. e4 e5 2. Nf3 Nc6 3. Bc4 Bc5 4. c3 Nf6 5. d3 d6 6. h3 Be6 7. Bb3 O-O 8. Be3
Bb6 9. Nbd2 d5 10. Bxb6 axb6 11. O-O b5 12. Re1 Qd6 13. Ng5 d4 14. Nxe6 fxe6
15. Nf1 Na5 16. Bc2 c5 17. Ng3 Nc6 18. Rf1 b4 19. cxb4 Nxb4 20. Bb3 Kh8 21. a3
Nc6 22. Rc1 b6 23. Qd2 Ra7 24. f4 exf4 25. Rxf4 Ne5 26. Rcf1 Ng6 27. R4f3 Nh4
28. Rf4 Ng6 29. R4f3 Nh4 30. Rf4 1/2-1/2